Slovensko zvládlo svoju predsednícku úlohu dobre a so cťou

Uložené v:
Podrobná bibliografia
Hlavný autor: Makúch, Jozef, 1953-
Médium: Kapitola
Jazyk:Slovak
Predmet:
Tagy: Pridať tag
Žiadne tagy, Buďte prvý, kto otaguje tento záznam!

MARC

LEADER 00000naa a2200000 4500
001 0248364
005 20240502073955.9
041 0 |a slo 
044 |a SK 
245 1 0 |a Slovensko zvládlo svoju predsednícku úlohu dobre a so cťou  |c Jozef Makúch 
610 2 0 |a banky centrálne 
610 2 0 |a bankovníctvo 
610 2 0 |a spolupráca medzinárodná 
610 2 0 |a politika fiškálna 
610 2 0 |a konferencie 
610 2 0 |a Slovensko 
610 2 0 |a Európska únia 
100 1 |a Makúch, Jozef, 1953-